000 00394pab a2200145 454500
008 180718b1983 xxu||||| |||| 00| 0 eng d
100 _aGupta, Chandra B.
245 _aIndianisation of management in transnational corporations in India
260 _c1983
300 _a3-12
362 _aMar.
650 _aInternational Business Enterprises - India
773 _aLok Udyog
909 _a11208
999 _c11208
_d11208